000 00647nam a22001937a 4500
999 _c8087
_d8087
003 AR-CdUCM
008 190322b ||||| |||| 00| 0 spa d
040 _aMUNICIPALIDAD PROVINCIAL DEL CUSCO
_cBIBLIOTECA MUNICIPAL DEL CUSCO
082 _a621.476 /
_bM71
110 _aServicio Nacional de meteorologia e hidrológia
_922846
245 _aAtlas de energía solar del Perú /
260 _aLima :
_c2003.
300 _bIlustraciones, mapas, laminas,
_c40 cm.
500 _aLibro sin enumeración
505 _aContenido :Atlas solar del Peru
700 _aIrene Trebejo Varillas (coordinador)
_922847
942 _2ddc
_cLIBROS
945 _arjall